[Event "RUS-chT2"]
[White "Khismatullin, Denis Rimovich"]
[Black "Chekhov, Sergey"]
[Site "Sochi"]
[Round "1.3"]
[Result "1-0"]
[Date "2016.05.01"]
[WhiteElo "2609"]
[BlackElo "2465"]
[PlyCount "177"]
[EventDate "2016.05.01"]
[EventType "team-swiss"]
[EventRounds "9"]
[EventCountry "RUS"]
[SourceTitle "CBM 172 Extra"]
[Source "ChessBase"]
[SourceDate "2016.06.21"]
[SourceVersion "1"]
[SourceVersionDate "2016.06.21"]
[SourceQuality "1"]
[WhiteTeam "Togliatti Bulbasaur"]
[BlackTeam "Voronezh"]
[WhiteTeamCountry "RUS"]
[BlackTeamCountry "RUS"]

1. d4 Nf6 2. c4 e6 3. g3 c5 4. d5 exd5 5. cxd5 d6 6. Nc3 g6 7. Bg2 Bg7 8. Nf3 0-0 9. 0-0 Re8 10. Bf4 Ne4 11. Nxe4 Rxe4 12. Nd2 Rxf4 13. gxf4 Bxb2 14. Rb1 Bg7 15. Re1 Na6 16. Nc4 Bc3 17. Rf1 Bg7 18. e4 Rb8 19. a4 Nb4 20. Qb3 b6 21. Rfe1 Bh6 22. e5 Bf5 23. Be4 Bxe4 24. Rxe4 dxe5 25. Nxe5 Bxf4 26. Nxf7 Qf6 27. d6 Qxf7 28. Qxf7+ Kxf7 29. Rxf4+ Ke6 30. d7 Kxd7 31. Rf7+ Kc6 32. Rxh7 a5 33. Rg7 c4 34. Rxg6+ Kc5 35. Rg4 c3 36. Rb3 c2 37. Rc3+ Kd5 38. Kf1 Re8 39. Rgc4 Re6 40. h3 Na2 41. Rxc2 Nb4 42. R2c3 Na2 43. f3 Nxc3 44. Rxc3 b5 45. axb5 Rb6 46. Rc8 Rxb5 47. Kf2 a4 48. Ra8 Rb4 49. Kg3 Kc4 50. f4 Kd4 51. h4 Ke4 52. h5 Rb1 53. Rxa4+ Kf5 54. Ra5+ Kf6 55. Ra2 Kf5 56. Ra5+ Kf6 57. Ra8 Rg1+ 58. Kf2 Rh1 59. Ra5 Rb1 60. Rc5 Ra1 61. Kg2 Ra2+ 62. Kf3 Ra1 63. Rg5 Rf1+ 64. Ke3 Re1+ 65. Kf2 Rb1 66. Rg1 Rb2+ 67. Kg3 Kf5 68. h6 Rb7 69. Rh1 Kg6 70. Kg4 Kh7 71. Kg5 Rb2 72. f5 Ra2 73. Re1 Rg2+ 74. Kf6 Ra2 75. Re8 Ra6+ 76. Re6 Ra1 77. Kf7 Ra5 78. f6 Ra7+ 79. Kf8 Kxh6 80. Re7 Ra8+ 81. Re8 Ra7 82. f7 Kg6 83. Re6+ Kh7 84. Re1 Ra8+ 85. Ke7 Ra7+ 86. Kf6 Ra6+ 87. Re6 Ra8 88. Re8 Ra6+ 89. Ke5 1-0

[Event "Chigorin Memorial 23rd"]
[White "Fraiman, Dmitry"]
[Black "Chekhov, Sergey"]
[Site "St Petersburg"]
[Round "5"]
[Result "1/2-1/2"]
[Date "2015.10.07"]
[WhiteElo "2122"]
[BlackElo "2488"]
[PlyCount "191"]
[EventDate "2015.10.03"]
[EventType "swiss"]
[EventRounds "9"]
[EventCountry "RUS"]
[SourceTitle "CBM 168 Extra"]
[Source "ChessBase"]
[SourceDate "2015.10.29"]
[SourceVersion "1"]
[SourceVersionDate "2015.10.29"]
[SourceQuality "1"]

1. e4 d6 2. d4 Nf6 3. Nc3 g6 4. Nf3 Bg7 5. Be3 c6 6. Qd2 Qa5 7. h3 Nbd7 8. Bd3 0-0 9. 0-0 Re8 10. Rfe1 e5 11. a3 exd4 12. Nxd4 Qc7 13. Nf3 Ne5 14. Be2 Ned7 15. Bd3 Nc5 16. Bf4 Nh5 17. Bh2 Be5 18. Rad1 Nxd3 19. cxd3 Bxh2+ 20. Nxh2 Be6 21. Nf3 Rad8 22. d4 Qe7 23. d5 Bc8 24. e5 dxe5 25. Rxe5 Qf8 26. Rxe8 Qxe8 27. d6 Qf8 28. Qd4 b6 29. Ne4 Bf5 30. Nf6+ Nxf6 31. Qxf6 Be6 32. Qf4 Bb3 33. Rd2 Bd5 34. Qa4 Qxd6 35. Qxa7 Qc5 36. Qc7 Re8 37. Qf4 Qc1+ 38. Kh2 Bxf3 39. gxf3 c5 40. h4 h5 41. Qh6 c4 42. Kg2 c3 43. bxc3 Qxc3 44. Rd6 b5 45. Qg5 Qc4 46. Qf6 Qc7 47. Rc6 Qd8 48. Qxd8 Rxd8 49. Rc5 Rb8 50. Kg3 Kg7 51. Rc6 Rb7 52. f4 Ra7 53. Rc3 Kf6 54. f3 Ra6 55. Re3 Rd6 56. Re5 Rb6 57. Re3 Ra6 58. Re5 Rxa3 59. Rxb5 Ra6 60. Rc5 Ke6 61. Rb5 Rd6 62. Ra5 Rd5 63. Ra6+ Rd6 64. Ra5 f6 65. Rb5 Ra6 66. Rc5 Kd6 67. Rb5 Kc6 68. Rb8 Kd5 69. Rg8 f5 70. Re8 Kd4 71. Re7 Kd3 72. Rb7 Re6 73. Ra7 Ke2 74. Ra2+ Kf1 75. Ra1+ Re1 76. Ra2 Rd1 77. Rb2 Rd6 78. Ra2 Ke1 79. Rb2 Rd2 80. Rb1+ Ke2 81. Ra1 Rd6 82. Ra2+ Ke3 83. Ra3+ Rd3 84. Ra2 Rd6 85. Ra3+ Ke2 86. Ra2+ Rd2 87. Ra1 Rd1 88. Ra2+ Kf1 89. Rf2+ Ke1 90. Ra2 Rd2 91. Ra1+ Ke2 92. Ra3 Rd3 93. Ra2+ Ke1 94. Ra1+ Ke2 95. Ra2+ Ke3 96. Ra1 1/2-1/2

[Event "Chigorin Memorial 23rd"]
[White "Chekletsov, Egor"]
[Black "Chekhov, Sergey"]
[Site "St Petersburg"]
[Round "1"]
[Result "0-1"]
[Date "2015.10.03"]
[WhiteElo "2082"]
[BlackElo "2488"]
[PlyCount "82"]
[EventDate "2015.10.03"]
[EventType "swiss"]
[EventRounds "9"]
[EventCountry "RUS"]
[SourceTitle "CBM 168 Extra"]
[Source "ChessBase"]
[SourceDate "2015.10.29"]
[SourceVersion "1"]
[SourceVersionDate "2015.10.29"]
[SourceQuality "1"]

1. e4 c5 2. Nf3 e6 3. d4 cxd4 4. Nxd4 a6 5. Bd3 Bc5 6. Nb3 Be7 7. 0-0 d6 8. c4 Nd7 9. Nc3 Ngf6 10. Be3 0-0 11. Rc1 b6 12. Nd4 Bb7 13. f3 Rc8 14. Qe2 Qc7 15. b4 Qb8 16. a3 Rfe8 17. Rfd1 Bd8 18. Kh1 Bc7 19. Qf2 Ne5 20. Nb3 d5 21. cxd5 Nxd3 22. Rxd3 Bd6 23. dxe6 fxe6 24. Ne2 Rxc1+ 25. Bxc1 Bc7 26. Be3 Rf8 27. Qh4 Qe8 28. Nbd4 Qf7 29. Rd1 Bb8 30. Rc1 Qd7 31. Qh3 Re8 32. Bf2 Be5 33. Rd1 Rd8 34. Rd2 Bxe4 35. Nb3 Bd5 36. Bxb6 Re8 37. Be3 Qa4 38. Nc5 Qxa3 39. f4 Bd6 40. Nd3 Ne4 41. Rd1 Qb3 0-1